=LDR 00000nam 2200000 4500 =001 INLIS000000000047040 =005 20150702133038.0 =006 =007 =008 =020 ##$$a 979.3856-66-1 =035 ##$$0010-071500000000010 =040 ##$$a NBPDMAT =082 ##$$a 025.17 =090 ##$$a 025.17 Pet p =245 ##$$a Petunjuk teknis pengelolaan karya rekam, film ceritera atau film dokumenter : hasil pelaksanaan UU No.4 tahun 1990 =260 ##$$a Jakarta$bPerpustakaan Nasional RI$c2012 =300 ##$$a vi, 48 hlm. ; 21 cm =500 ##$$a Bibliografi : hlm. 32 =650 ##$$a Film Dokumenter - Pengolahan Teknis =850 ##$$a NBPDMAT =990 ##$$a 2090101056/BPAP-NTB/2015 =990 ##$$a 2090101057/BPAP-NTB/2015